12 Eylül darbesi ve özgürlüğün bedeli : (Record no. 13566)

MARC details
000 -BAŞLIK
Sabit Uzunlukta Kontrol Alanı 00720nam a22002297a 4500
999 ## - SİSTEM KONTROL NUMARALARI (KOHA)
Koha Biblionumber 13566
Koha Biblioitemnumber 13566
003 - KONTROL NUMARASI IDENTIFIER
Denetim Alanı MIRAKIL
005 - SON İŞLEM TARİHİ VE ZAMANI
Denetim Alanı 20211214000616.0
008 - SABİT-BOY VERİ ELEMANLARI - GENEL BİLGİLER
Sabit Uzunlukta Kontrol Alanı 191023b tu ||||| |||| 00| 0 tur d
020 ## - ULUSLARARASI STANDART KİTAP NUMARASI
Uluslararası Standart Kitap Numarası 975857258x
040 ## - KATALOGLAMA KAYNAK
Orijinal Kataloglama Ajansı TR-AnCHP
Metne Dönüştürmek Ajansı TR-AnCHP
041 ## - DİL KODU
Metin / Ses Parça Veya Ayrı Başlığın Dil Kodu tur
082 ## - DEWEY ONLU SINIFLANDIRMA NUMARASI
Sınıflandırma Numarası 320.9561
Ürün Numarası Ö92o 2004
100 ## - ANA GİRİŞ - KİŞİSEL İSİM
Kişisel Ad Özdemir, Veli
245 10 - BAŞLIK TABLOSU
Başlık 12 Eylül darbesi ve özgürlüğün bedeli :
Başlığın Kalan arayış /
Sorumluluk Tablosu, Vb Veli Özdemir.
260 ## - YAYIN, DAĞITIM, VB
Yayın, Dağıtım, Vb Yeri Ankara:
Yayıncı, Dağıtıcı, Vs Adı Ümit yayıncılık,
Yayın, Dağıtım, Vb Tarihi 2004.
Üretici Firma BRC Basım.
300 ## - FİZİKSEL TANIM
Kapsam 302 s.:
Diğer Fiziksel Ayrıntıları fotg.,
Boyutlar 21 sm.
490 0# - SERİSİ TABLOSU
Seri Beyanı Ufuk dizisi ;
Hacim / Ardışık Tanımı 168.
650 #0 - KONU KATMA GİRİŞ - TOPİKAL DÖNEM
Topikal Süreli Veya Coğrafi Ad Giriş Elemanı Siyaset ve yönetim
Genel Alt Bölümü Türkiye
9 (RLIN) 9
650 #0 - KONU KATMA GİRİŞ - TOPİKAL DÖNEM
9 (RLIN) 333
Topikal Süreli Veya Coğrafi Ad Giriş Elemanı Darbeler
Genel Alt Bölümü Türkiye
Kronolojik Alt Bölümü 12 Eylül 1980
650 #0 - KONU KATMA GİRİŞ - TOPİKAL DÖNEM
9 (RLIN) 6064
Topikal Süreli Veya Coğrafi Ad Giriş Elemanı Gazetecilik
Genel Alt Bölümü Türkiye
Kronolojik Alt Bölümü 1980
942 ## - EKLENDİ GİRİŞ ELEMANLARI (KOHA)
Sınıflandırma Veya Raf Düzeni Kaynak Dewey Decimal Classification
Koha Öğesi Türü Books
Holdings
Kalıcı Konum Mevcut Konum Edinme Tarihi Toplam Check-Out'Lar Tam Çağrı Numarası Barkod Tarih Son Görülme İtibaren Geçerli Fiyatlar Koha Öğesi Türü
CHP Kütüphanesi CHP Kütüphanesi 10/23/2019   320.9561 Ö92o 2004 011833 10/23/2019 10/23/2019 Books